Separácia galaktooligosacharidov využitím alkoholových roztokov diplomová práca

Gespeichert in:
Bibliographische Detailangaben
1. Verfasser: Matejková, Petra
Format: Buch
Sprache:Slowakisch
Veröffentlicht: Bratislava STU FCHPT 2015
Online-Zugang:Im OPAC anzeigen
Tags: Tag hinzufügen
Keine Tags, Fügen Sie das erste Tag hinzu!

MARC

LEADER 00000nam a2200000 a 4500
005 20260127134414.0
008 151201 2015 000 0 slo d
035 |a vtls011425278 
039 9 |y 201512010927  |z mschk03 
040 |a STUSCHK1  |b slo  |c STUSCHK1  |e AACR2 
100 1 |a Matejková, Petra 
245 1 |a Separácia galaktooligosacharidov využitím alkoholových roztokov  |b diplomová práca  |c Petra Matejková 
260 |a Bratislava  |b STU FCHPT  |c 2015 
300 |a 96 s.  |b il.  |c 25 cm 
500 |a Študijný program: chemické inžinierstvo 
500 |a Študijný odbor: chemické inžinierstvo 
500 |a Školiace pracovisko: Odd. chemického a biochemického inžinierstva 
500 |a Evid. číslo: FCHPT-5433-44067 
910 |a SCHK95 
999 |c 11999  |d 11999